000 00554nam a2200241Ia 4500
005 20260306145541.0
008 008 260114s9999 xx 000 0 eng d
020 _a9780791479292
037 _aEbook
040 _aCRL
040 _beng
040 _cCRL
041 _2eng
041 _aeng
084 _qCRL
245 0 _aSacred Kōyasan
260 _bSUNY Press
260 _c2007
650 _aTheology and Religion
_91123750
856 _uhttps://www.degruyter.com/isbn/9780791479292
942 _cEBOOK
999 _c1688998
_d1688998